[Event "DEM U14 2018"]
[Site "Willingen GER"]
[Date "2018.05.26"]
[Round "9"]
[White "Hinrichs, Paul"]
[Black "Jeschke, Jan"]
[Result "1/2-1/2"]
[Termination "normal"]
[Board "16"]
[WhiteElo "1928"]
[BlackElo "1356"]
[PlyCount "85"]
[WhiteFideId "12942545"]
[BlackFideId "16225430"]
[EventCountry "GER"]
[EventRounds "9"]
[EventType "swiss"]
[EventDate "2018.05.19"]

1. d4 e6 2. c4 Nf6 3. Nc3 Bb4 4. e3 b6 5. Nge2 Ba6 6. a3 Bxc3+ 7. Nxc3 d5 8. b3
c6 9. Bb2 Nbd7 10. Be2 dxc4 11. bxc4 O-O 12. Qa4 Bb7 13. Bf3 Qc7 14. O-O c5 15.
d5 Ne5 16. Rad1 Nxf3+ 17. gxf3 exd5 18. Nxd5 Nxd5 19. cxd5 Rfd8 20. Qg4 f6 21.
Bxf6 Rf8 22. Qe6+ Kh8 23. Be5 Qd8 24. f4 Bc8 25. Qc6 Bh3 26. Qh6 Qd7 27. f3 Kg8
28. Qg5 Bxf1 29. Rxf1 Rf7 30. e4 h6 31. Qg6 Rd8 32. f5 Qe7 33. f4 c4 34. f6
Qxa3 35. fxg7 Qe3+ 36. Rf2 c3 37. Qxh6 Qe1+ 38. Rf1 Qe3+ 39. Kg2 Qxe4+ 40. Rf3
Rfd7 41. Qe6+ Kh7 42. Qh3+ Kg8 43. Qe6+ 1/2-1/2

[Event "DEM U14 2018"]
[Site "Willingen GER"]
[Date "2018.05.26"]
[Round "9"]
[White "Morgenstern, Tobias"]
[Black "Breitzmann, Sander"]
[Result "1-0"]
[Termination "normal"]
[Board "17"]
[WhiteElo "1730"]
[BlackElo "1858"]
[PlyCount "69"]
[WhiteFideId "12974390"]
[BlackFideId "12987085"]
[EventCountry "GER"]
[EventRounds "9"]
[EventType "swiss"]
[EventDate "2018.05.19"]

1. e4 e5 2. Nf3 Nc6 3. Bb5 a6 4. Ba4 Nf6 5. d3 b5 6. Bb3 Be7 7. c3 d6 8. Nbd2
Na5 9. Bc2 c5 10. Nf1 O-O 11. Ng3 Re8 12. O-O Bf8 13. h3 g6 14. Nh2 Bg7 15. f4
Bb7 16. f5 d5 17. Qf3 Qb6 18. Kh1 Rf8 19. Bg5 d4 20. Ng4 Nxg4 21. Qxg4 h6 22.
Be7 Rfe8 23. f6 Bc8 24. Qh4 g5 25. Qh5 Bd7 26. b4 cxb4 27. cxb4 Nb7 28. Bb3 Be6
29. Nf5 Rxe7 30. Nxe7+ Kf8 31. fxg7+ Kxe7 32. Rxf7+ Bxf7 33. Qxf7+ Kd6 34. Qe6+
Kc7 35. Rc1+ 1-0

[Event "DEM U14 2018"]
[Site "Willingen GER"]
[Date "2018.05.26"]
[Round "9"]
[White "Liebold, Aaron"]
[Black "Arakelian, Aik"]
[Result "1-0"]
[Termination "normal"]
[Board "18"]
[WhiteElo "1874"]
[BlackElo "1932"]
[PlyCount "85"]
[WhiteFideId "12997846"]
[BlackFideId "16220340"]
[EventCountry "GER"]
[EventRounds "9"]
[EventType "swiss"]
[EventDate "2018.05.19"]

1. e4 c5 2. Nf3 d6 3. d4 cxd4 4. Nxd4 Nf6 5. Nc3 g6 6. Be3 Bg7 7. f3 O-O 8. Qd2
Nc6 9. g4 Bd7 10. O-O-O Rc8 11. Kb1 Ne5 12. h4 h5 13. g5 Ne8 14. Be2 Nc4 15.
Bxc4 Rxc4 16. f4 Bg4 17. Rdf1 e5 18. Nb3 exf4 19. Bxf4 a6 20. Qd3 b5 21. Nd5
Be6 22. Be3 Bxd5 23. exd5 Nc7 24. Nd2 Re8 25. Nxc4 bxc4 26. Qd2 c3 27. Qf2 Rxe3
28. Qxe3 Qb8 29. b3 Nxd5 30. Qe4 Qb5 31. Qc4 Qa5 32. a4 Be5 33. Rh3 Qc5 34.
Qxc5 dxc5 35. Rhf3 f6 36. Rd1 Nf4 37. gxf6 Kf7 38. Rd8 a5 39. Ra8 g5 40. hxg5
h4 41. Ra7+ Kg6 42. f7 Kg7 43. Ra6 1-0

[Event "DEM U14 2018"]
[Site "Willingen GER"]
[Date "2018.05.26"]
[Round "9"]
[White "Kirchner, Markus"]
[Black "Block, Timo"]
[Result "1-0"]
[Termination "normal"]
[Board "19"]
[WhiteElo "1851"]
[BlackElo "1769"]
[PlyCount "123"]
[WhiteFideId "12979163"]
[BlackFideId "16201116"]
[EventCountry "GER"]
[EventRounds "9"]
[EventType "swiss"]
[EventDate "2018.05.19"]

1. e4 e6 2. d4 d5 3. Nd2 Nf6 4. e5 Nfd7 5. Bd3 c5 6. c3 Nc6 7. Ne2 cxd4 8. cxd4
f6 9. Nf4 Nxd4 10. Qh5+ Ke7 11. exf6+ Nxf6 12. Ng6+ hxg6 13. Qxh8 Kf7 14. Qh4
e5 15. Nf3 Nxf3+ 16. gxf3 Bf5 17. Bxf5 gxf5 18. Bg5 Qa5+ 19. Kf1 Rc8 20. Kg2
Be7 21. Rac1 Rd8 22. a3 d4 23. b4 Qxa3 24. Bxf6 gxf6 25. Qh7+ Ke6 26. Rc7 Qxb4
27. Rb1 Qd6 28. Rbxb7 Re8 29. Rxe7+ Qxe7 30. Rxe7+ Rxe7 31. Qg8+ Rf7 32. Qe8+
Re7 33. Qc6+ Kf7 34. Qd5+ Kg6 35. h4 f4 36. Kh3 Rg7 37. Qe4+ Kf7 38. h5 Rg5 39.
Kh4 Rg7 40. Qb7+ Kg8 41. Qc8+ Kf7 42. Qd7+ Kg8 43. Qe6+ Kh7 44. Qf5+ Kg8 45.
Qxf6 d3 46. Qd8+ Kh7 47. Qxd3+ Kh6 48. Qd6+ Kh7 49. Qxe5 Rf7 50. Qe6 Rg7 51.
Qf5+ Kg8 52. Qxf4 Kh7 53. Qf5+ Kg8 54. Qe6+ Kh7 55. f4 a5 56. Qf5+ Kh6 57. Qxa5
Kh7 58. Qf5+ Kh8 59. Qf6 Kh7 60. Qxg7+ Kxg7 61. Kg5 Kh7 62. Kf6 1-0

[Event "DEM U14 2018"]
[Site "Willingen GER"]
[Date "2018.05.26"]
[Round "9"]
[White "Kamp, Adrian"]
[Black "Reimer, Philip"]
[Result "1-0"]
[Termination "normal"]
[Board "20"]
[WhiteElo "1827"]
[BlackElo "1580"]
[PlyCount "63"]
[WhiteFideId "16222466"]
[BlackFideId "16235860"]
[EventCountry "GER"]
[EventRounds "9"]
[EventType "swiss"]
[EventDate "2018.05.19"]

1. e4 c5 2. d4 cxd4 3. c3 d3 4. Bxd3 Nc6 5. c4 e6 6. Nf3 Nf6 7. O-O d6 8. Nc3
Be7 9. h3 O-O 10. Bf4 b6 11. Qe2 Bb7 12. Rfd1 Rc8 13. Rac1 Qc7 14. Bb1 Rfd8 15.
b3 a6 16. Qe3 Nd7 17. Nd5 exd5 18. cxd5 Nde5 19. Nd4 Qb8 20. dxc6 Nxc6 21. Nf5
Qc7 22. Qg3 Bf6 23. Nxd6 Qd7 24. Nxc8 Qxd1+ 25. Rxd1 Rxd1+ 26. Kh2 Bxc8 27. e5
Be7 28. Qf3 Rxb1 29. Qxc6 Be6 30. Qe8+ Bf8 31. Bg5 Kh8 32. Qxf8# 1-0

[Event "DEM U14 2018"]
[Site "Willingen GER"]
[Date "2018.05.26"]
[Round "9"]
[White "Silini, Jalel"]
[Black "Bornholdt, Joa Max"]
[Result "1/2-1/2"]
[Termination "normal"]
[Board "21"]
[WhiteElo "1731"]
[BlackElo "1672"]
[PlyCount "43"]
[WhiteFideId "16215397"]
[BlackFideId "16253477"]
[EventCountry "GER"]
[EventRounds "9"]
[EventType "swiss"]
[EventDate "2018.05.19"]

1. e4 g6 2. Nf3 Bg7 3. Nc3 c6 4. d4 Nf6 5. Bf4 O-O 6. Bd3 d6 7. h3 Nbd7 8. O-O
Re8 9. Qd2 e5 10. dxe5 dxe5 11. Bh6 Qc7 12. Bxg7 Kxg7 13. Rad1 Nc5 14. b4 Ne6
15. Bc4 Rd8 16. Qe3 Bd7 17. Rd2 b5 18. Bb3 a5 19. a3 axb4 20. axb4 Nh5 21. Rfd1
f6 22. Rd6 1/2-1/2

[Event "DEM U14 2018"]
[Site "Willingen GER"]
[Date "2018.05.26"]
[Round "9"]
[White "Khachatryan, Taron"]
[Black "Sperling, Niclas"]
[Result "1/2-1/2"]
[Termination "normal"]
[Board "22"]
[WhiteElo "1745"]
[BlackElo "1548"]
[PlyCount "95"]
[WhiteFideId "16216598"]
[BlackFideId "16204000"]
[EventCountry "GER"]
[EventRounds "9"]
[EventType "swiss"]
[EventDate "2018.05.19"]

1. Nf3 c5 2. e3 g6 3. d4 cxd4 4. exd4 Bg7 5. Bd3 Nf6 6. c3 d5 7. Qc2 O-O 8. Bf4
Nbd7 9. Nbd2 a6 10. a4 Re8 11. O-O Nh5 12. Bg3 Nxg3 13. hxg3 e5 14. dxe5 Nxe5
15. Nxe5 Bxe5 16. Rae1 Bg7 17. Nf3 Bd7 18. Qb3 Bc6 19. Qd1 Qd7 20. Bc2 Rxe1 21.
Rxe1 Re8 22. Bb3 Rxe1+ 23. Nxe1 d4 24. c4 Be4 25. Bc2 Bxc2 26. Qxc2 Qc6 27. Kf1
Kf8 28. Nd3 b5 29. axb5 axb5 30. c5 Ke8 31. Nb4 Qe6 32. Qe2 Qxe2+ 33. Kxe2 Kd7
34. Kd3 f5 35. Nc2 Kc6 36. Nxd4+ Kd5 37. c6 Kd6 38. c7 Kd7 39. b4 Bf8 40. Nxb5
Bxb4 41. Kd4 Be1 42. Ke3 Ba5 43. Kf4 Bd2+ 44. Kf3 h5 45. Nd4 Kxc7 46. Ne6+ Kd6
47. Nf4 Bxf4 48. gxf4 1/2-1/2

[Event "DEM U14 2018"]
[Site "Willingen GER"]
[Date "2018.05.26"]
[Round "9"]
[White "Hetzner, Hannes"]
[Black "Klaas, Heiko"]
[Result "1-0"]
[Termination "normal"]
[Board "23"]
[WhiteElo "1868"]
[BlackElo "1773"]
[PlyCount "61"]
[WhiteFideId "16211936"]
[BlackFideId "16215940"]
[EventCountry "GER"]
[EventRounds "9"]
[EventType "swiss"]
[EventDate "2018.05.19"]

1. e4 e5 2. Nf3 Nc6 3. d4 exd4 4. Nxd4 Bc5 5. Nb3 Bb6 6. Nc3 Nge7 7. Bg5 d6 8.
Qd2 h6 9. Be3 Bxe3 10. Qxe3 Ng6 11. O-O-O O-O 12. Kb1 a6 13. Be2 b5 14. g4 b4
15. Nd5 a5 16. h4 Nce7 17. g5 Nxd5 18. Rxd5 c6 19. Rdd1 a4 20. Nd4 Ne5 21. gxh6
g6 22. f4 Ng4 23. Qg3 c5 24. Nb5 Nf6 25. Nxd6 Qb6 26. h5 Kh7 27. Qg5 Ng8 28.
Rhg1 Ra7 29. hxg6+ fxg6 30. Qxg6+ Kh8 31. Nf7+ 1-0

[Event "DEM U14w 2018"]
[Site "Willingen GER"]
[Date "2018.05.20"]
[Round "1"]
[White "Ziegenfuß, Antonia"]
[Black "Kunisch, Nina"]
[Result "0-1"]
[Termination "normal"]
[Board "1"]
[WhiteElo "1956"]
[BlackElo "1704"]
[WhiteClock "00:17:27"]
[BlackClock "00:09:30"]
[PlyCount "92"]
[WhiteFideId "12962554"]
[BlackFideId "12982849"]
[EventCountry "GER"]
[EventRounds "9"]
[EventType "swiss"]
[EventDate "2018.05.19"]

1. d4 {[%clk 1:30:58]} 1... d5 {[%clk 1:30:45]} 2. c4 {[%clk 1:31:20]} 2... e6
{[%clk 1:30:59]} 3. Nc3 {[%clk 1:31:44]} 3... Nf6 {[%clk 1:31:11]} 4. cxd5 {
[%clk 1:32:07]} 4... exd5 {[%clk 1:31:34]} 5. Bg5 {[%clk 1:32:29]} 5... c6 {
[%clk 1:31:43]} 6. Qc2 {[%clk 1:31:59]} 6... h6 {[%clk 1:30:59]} 7. Bh4 { [%clk
1:31:42]} 7... Be7 {[%clk 1:30:48]} 8. f3 {[%clk 1:29:31]} 8... Nbd7 { [%clk
1:26:52]} 9. e3 {[%clk 1:29:48]} 9... Nh5 {[%clk 1:23:19]} 10. Bf2 { [%clk
1:26:24]} 10... Nb6 {[%clk 1:14:57]} 11. Bd3 {[%clk 1:25:47]} 11... Bd6 { [%clk
1:11:09]} 12. Nge2 {[%clk 1:24:02]} 12... Qe7 {[%clk 1:08:54]} 13. O-O { [%clk
1:19:10]} 13... O-O {[%clk 1:07:31]} 14. Rae1 {[%clk 1:12:32]} 14... Re8 {[%clk
1:02:15]} 15. e4 {[%clk 1:02:26]} 15... Qg5 {[%clk 0:51:37]} 16. e5 { [%clk
0:58:00]} 16... Bc7 {[%clk 0:36:30]} 17. h4 {[%clk 0:57:25]} 17... Qe7 { [%clk
0:35:52]} 18. g4 {[%clk 0:57:37]} 18... g5 {[%clk 0:34:18]} 19. gxh5 { [%clk
0:53:14]} 19... Bh3 {[%clk 0:34:25]} 20. Kh1 {[%clk 0:50:14]} 20... Bxf1 {[%clk
0:32:17]} 21. Rxf1 {[%clk 0:50:37]} 21... Kh8 {[%clk 0:28:20]} 22. Ng3 { [%clk
0:42:01]} 22... Rg8 {[%clk 0:21:22]} 23. Nf5 {[%clk 0:37:15]} 23... Qe6 { [%clk
0:21:03]} 24. hxg5 {[%clk 0:24:51]} 24... Rxg5 {[%clk 0:19:58]} 25. Bh4 { [%clk
0:24:42]} 25... Rxh5 {[%clk 0:19:11]} 26. Qh2 {[%clk 0:25:03]} 26... Rxf5
{[%clk 0:16:51]} 27. Bxf5 {[%clk 0:25:17]} 27... Qxf5 {[%clk 0:17:16]} 28. Bf6+
{[%clk 0:19:25]} 28... Qxf6 {[%clk 0:17:28]} 29. exf6 {[%clk 0:19:45]} 29...
Bxh2 {[%clk 0:17:54]} 30. Kxh2 {[%clk 0:20:05]} 30... Re8 {[%clk 0:18:04]} 31.
Kg3 {[%clk 0:16:18]} 31... Nd7 {[%clk 0:18:02]} 32. Kf4 {[%clk 0:12:47]} 32...
Nxf6 {[%clk 0:18:15]} 33. Rh1 {[%clk 0:12:47]} 33... Kh7 {[%clk 0:18:22]} 34.
Kf5 {[%clk 0:12:24]} 34... Nd7 {[%clk 0:18:06]} 35. Rh2 {[%clk 0:12:32]} 35...
Re3 {[%clk 0:14:52]} 36. Kf4 {[%clk 0:11:45]} 36... Rd3 {[%clk 0:13:31]} 37.
Re2 {[%clk 0:09:41]} 37... Rxd4+ {[%clk 0:12:55]} 38. Kf5 {[%clk 0:08:43]}
38... Nc5 {[%clk 0:11:39]} 39. Re7 {[%clk 0:07:48]} 39... Kg7 {[%clk 0:11:42]}
40. Ne2 {[%clk 0:04:27]} 40... Rd3 {[%clk 0:09:01]} 41. Kg4 {[%clk 0:01:25]}
41... Rd2 {[%clk 0:06:54]} 42. Ng3 {[%clk 0:25:53]} 42... Rxb2 {[%clk 0:28:21]}
43. Re8 {[%clk 0:18:52]} 43... Rb4+ {[%clk 0:14:25]} 44. f4 {[%clk 0:17:48]}
44... Ne6 {[%clk 0:09:45]} 45. Nh5+ {[%clk 0:17:55]} 45... Kh7 {[%clk 0:09:43]}
46. Nf6+ {[%clk 0:17:27]} 46... Kg6 {[%clk 0:09:30]} 0-1

[Event "DEM U14w 2018"]
[Site "Willingen GER"]
[Date "2018.05.20"]
[Round "1"]
[White "Kalina, Lena"]
[Black "Basovskiy, Jana"]
[Result "1/2-1/2"]
[Termination "normal"]
[Board "2"]
[WhiteElo "1479"]
[BlackElo "1862"]
[WhiteClock "00:44:37"]
[BlackClock "00:29:01"]
[PlyCount "90"]
[WhiteFideId "12988014"]
[BlackFideId "16208617"]
[EventCountry "GER"]
[EventRounds "9"]
[EventType "swiss"]
[EventDate "2018.05.19"]

1. d4 {[%clk 1:30:56]} 1... d5 {[%clk 1:30:57]} 2. c4 {[%clk 1:31:20]} 2... e6
{[%clk 1:31:23]} 3. Nc3 {[%clk 1:31:45]} 3... Be7 {[%clk 1:31:16]} 4. cxd5 {
[%clk 1:31:25]} 4... exd5 {[%clk 1:31:35]} 5. Bf4 {[%clk 1:30:55]} 5... Nf6 {
[%clk 1:30:17]} 6. e3 {[%clk 1:29:54]} 6... c6 {[%clk 1:29:42]} 7. Qc2 { [%clk
1:30:02]} 7... O-O {[%clk 1:28:26]} 8. Bd3 {[%clk 1:28:31]} 8... h6 { [%clk
1:26:50]} 9. Nge2 {[%clk 1:27:05]} 9... Nbd7 {[%clk 1:22:36]} 10. O-O { [%clk
1:24:34]} 10... Nh5 {[%clk 1:12:49]} 11. f3 {[%clk 1:20:28]} 11... Nxf4 { [%clk
1:11:04]} 12. Nxf4 {[%clk 1:19:50]} 12... Nf6 {[%clk 1:10:59]} 13. Rad1 { [%clk
1:16:05]} 13... Bd6 {[%clk 1:09:39]} 14. Nfe2 {[%clk 1:13:55]} 14... Qc7 {[%clk
1:05:23]} 15. h3 {[%clk 1:06:53]} 15... Qe7 {[%clk 0:36:52]} 16. e4 { [%clk
1:00:47]} 16... dxe4 {[%clk 0:27:50]} 17. fxe4 {[%clk 0:58:17]} 17... Nd7
{[%clk 0:23:55]} 18. e5 {[%clk 0:55:12]} 18... Bb8 {[%clk 0:23:58]} 19. Bc4 {
[%clk 0:51:11]} 19... Nb6 {[%clk 0:19:54]} 20. Bb3 {[%clk 0:48:57]} 20... c5 {
[%clk 0:14:57]} 21. Qe4 {[%clk 0:44:08]} 21... cxd4 {[%clk 0:12:21]} 22. Nxd4 {
[%clk 0:41:38]} 22... Qxe5 {[%clk 0:10:07]} 23. Qxe5 {[%clk 0:38:47]} 23...
Bxe5 {[%clk 0:10:37]} 24. Ne4 {[%clk 0:36:39]} 24... Nd7 {[%clk 0:05:14]} 25.
Rd2 {[%clk 0:33:33]} 25... Nf6 {[%clk 0:04:48]} 26. Nxf6+ {[%clk 0:32:53]}
26... Bxf6 {[%clk 0:05:18]} 27. Nf5 {[%clk 0:31:07]} 27... Bxf5 {[%clk 0:04:16]
} 28. Rxf5 {[%clk 0:31:17]} 28... Rad8 {[%clk 0:03:04]} 29. Rxd8 { [%clk
0:30:18]} 29... Rxd8 {[%clk 0:03:33]} 30. Rd5 {[%clk 0:30:31]} 30... Rxd5
{[%clk 0:01:55]} 31. Bxd5 {[%clk 0:30:53]} 31... Bxb2 32. Bxb7 {[%clk 0:31:09]}
32... Kf8 {[%clk 0:02:23]} 33. Kf2 {[%clk 0:30:47]} 33... Ke7 {[%clk 0:02:52]}
34. Ke3 {[%clk 0:30:16]} 34... Ke6 {[%clk 0:02:45]} 35. Ke4 {[%clk 0:28:33]}
35... f5+ {[%clk 0:02:49]} 36. Kf4 {[%clk 0:27:38]} 36... g5+ {[%clk 0:03:03]}
37. Kf3 {[%clk 0:27:14]} 37... Ke5 {[%clk 0:02:13]} 38. Bc8 {[%clk 0:23:46]}
38... h5 {[%clk 0:01:53]} 39. g4 {[%clk 0:17:30]} 39... fxg4+ {[%clk 0:01:06]}
40. hxg4 {[%clk 0:15:40]} 40... h4 {[%clk 0:01:23]} 41. Kg2 {[%clk 0:15:49]}
41... Kf4 {[%clk 0:29:40]} 42. Kh3 {[%clk 0:45:45]} 42... Bc3 {[%clk 0:29:33]}
43. Be6 {[%clk 0:45:26]} 43... a5 {[%clk 0:29:20]} 44. a4 {[%clk 0:44:57]}
44... Kf3 {[%clk 0:28:46]} 45. Bd7 {[%clk 0:44:37]} 45... Bb4 {[%clk 0:29:01]}
1/2-1/2

[Event "DEM U14w 2018"]
[Site "Willingen GER"]
[Date "2018.05.20"]
[Round "1"]
[White "Peglau, Mirjam"]
[Black "Wagner, Victoria"]
[Result "0-1"]
[Termination "normal"]
[Board "3"]
[WhiteElo "1739"]
[BlackElo "1700"]
[WhiteClock "00:27:34"]
[BlackClock "00:11:05"]
[PlyCount "134"]
[WhiteFideId "16211138"]
[BlackFideId "16232348"]
[EventCountry "GER"]
[EventRounds "9"]
[EventType "swiss"]
[EventDate "2018.05.19"]

1. e4 {[%clk 1:30:58]} 1... c5 {[%clk 1:30:54]} 2. Nf3 {[%clk 1:31:21]} 2... d6
{[%clk 1:31:17]} 3. d4 {[%clk 1:31:44]} 3... cxd4 {[%clk 1:31:41]} 4. Nxd4 {
[%clk 1:32:13]} 4... Nf6 {[%clk 1:31:59]} 5. f3 {[%clk 1:32:25]} 5... a6 {
[%clk 1:30:40]} 6. c4 {[%clk 1:32:44]} 6... e5 {[%clk 1:27:35]} 7. Nc2 { [%clk
1:31:42]} 7... Be7 {[%clk 1:25:38]} 8. Be2 {[%clk 1:27:45]} 8... Be6 { [%clk
1:21:47]} 9. Be3 {[%clk 1:26:47]} 9... Qc7 {[%clk 1:15:47]} 10. b3 { [%clk
1:21:07]} 10... Nbd7 {[%clk 1:10:24]} 11. O-O {[%clk 1:20:34]} 11... O-O {[%clk
1:09:35]} 12. Qd2 {[%clk 1:19:56]} 12... Rac8 {[%clk 1:03:09]} 13. Nb4 { [%clk
1:18:49]} 13... Nc5 {[%clk 0:58:49]} 14. Nc3 {[%clk 1:17:45]} 14... Kh8 { [%clk
0:50:35]} 15. Nbd5 {[%clk 1:12:56]} 15... Bxd5 {[%clk 0:49:02]} 16. Nxd5 {[%clk
1:13:00]} 16... Nxd5 {[%clk 0:49:16]} 17. Qxd5 {[%clk 1:08:28]} 17... f5 {[%clk
0:45:30]} 18. b4 {[%clk 0:52:29]} 18... Na4 {[%clk 0:40:35]} 19. Rac1 { [%clk
0:50:40]} 19... Nb6 {[%clk 0:37:42]} 20. Qd3 {[%clk 0:42:39]} 20... f4 { [%clk
0:35:43]} 21. Bf2 {[%clk 0:43:01]} 21... Nd7 {[%clk 0:33:50]} 22. Rfd1 { [%clk
0:42:22]} 22... Nb8 {[%clk 0:27:04]} 23. Kh1 {[%clk 0:35:52]} 23... Qd8 { [%clk
0:24:56]} 24. c5 {[%clk 0:35:33]} 24... dxc5 {[%clk 0:20:32]} 25. Bxc5 { [%clk
0:34:27]} 25... Qxd3 {[%clk 0:17:57]} 26. Bxd3 {[%clk 0:34:41]} 26... Bxc5
{[%clk 0:17:45]} 27. bxc5 {[%clk 0:34:04]} 27... Rc7 {[%clk 0:13:06]} 28. Be2
{[%clk 0:32:07]} 28... g6 {[%clk 0:11:43]} 29. Rd5 {[%clk 0:31:31]} 29... Re8
{[%clk 0:11:09]} 30. Kg1 {[%clk 0:30:06]} 30... Nc6 {[%clk 0:10:10]} 31. a3
{[%clk 0:27:21]} 31... Nd4 {[%clk 0:09:46]} 32. Bd1 {[%clk 0:27:20]} 32... Kg7
{[%clk 0:07:07]} 33. Kf2 {[%clk 0:26:57]} 33... Kf6 {[%clk 0:06:21]} 34. Rb1 {
[%clk 0:26:43]} 34... Ree7 {[%clk 0:05:09]} 35. Rb6+ {[%clk 0:26:36]} 35... Kg7
{[%clk 0:04:46]} 36. Ba4 {[%clk 0:25:46]} 36... Ne6 {[%clk 0:03:19]} 37. c6 {
[%clk 0:24:45]} 37... bxc6 {[%clk 0:02:03]} 38. Rxc6 {[%clk 0:24:30]} 38...
Rxc6 {[%clk 0:02:01]} 39. Bxc6 {[%clk 0:24:59]} 39... Nd4 {[%clk 0:01:55]} 40.
Ba4 {[%clk 0:23:51]} 40... Re6 {[%clk 0:00:31]} 41. Bd7 {[%clk 0:23:12]} 41...
Rb6 {[%clk 0:28:49]} 42. h3 {[%clk 0:50:42]} 42... Rb2+ {[%clk 0:27:39]} 43.
Kg1 {[%clk 0:50:41]} 43... Rb1+ {[%clk 0:27:23]} 44. Kh2 {[%clk 0:50:28]} 44...
Rb2 {[%clk 0:27:19]} 45. Kg1 {[%clk 0:49:20]} 45... Rb1+ {[%clk 0:26:58]} 46.
Kf2 {[%clk 0:48:58]} 46... Rb2+ {[%clk 0:27:12]} 47. Kg1 {[%clk 0:47:19]} 47...
Rb1+ {[%clk 0:27:34]} 48. Kh2 {[%clk 0:45:28]} 48... Rb2 {[%clk 0:27:21]} 49.
Kg1 {[%clk 0:38:50]} 49... Rb1+ {[%clk 0:27:18]} 50. Kf2 {[%clk 0:38:09]} 50...
Rb2+ {[%clk 0:27:06]} 51. Ke1 {[%clk 0:34:53]} 51... Rxg2 {[%clk 0:26:25]} 52.
Bc8 {[%clk 0:34:01]} 52... Ra2 {[%clk 0:24:54]} 53. Rd7+ {[%clk 0:31:58]} 53...
Kh6 {[%clk 0:23:49]} 54. Bxa6 {[%clk 0:31:55]} 54... Nxf3+ {[%clk 0:22:04]} 55.
Kd1 {[%clk 0:32:02]} 55... Rxa3 {[%clk 0:20:34]} 56. Bc4 {[%clk 0:32:22]} 56...
Re3 {[%clk 0:19:08]} 57. Bg8 {[%clk 0:32:21]} 57... Rxe4 {[%clk 0:15:58]} 58.
Rxh7+ {[%clk 0:32:43]} 58... Kg5 {[%clk 0:16:17]} 59. Kc2 {[%clk 0:31:47]}
59... Nd4+ {[%clk 0:14:55]} 60. Kd1 {[%clk 0:31:36]} 60... f3 {[%clk 0:14:06]}
61. Bc4 {[%clk 0:31:12]} 61... f2 {[%clk 0:12:44]} 62. Rf7 {[%clk 0:28:25]}
62... Rf4 {[%clk 0:12:14]} 63. Rxf4 {[%clk 0:28:32]} 63... Kxf4 {[%clk 0:12:30]
} 64. Bf1 {[%clk 0:28:56]} 64... Kf3 {[%clk 0:11:51]} 65. Kd2 {[%clk 0:28:57]}
65... e4 {[%clk 0:11:49]} 66. Kc3 {[%clk 0:28:20]} 66... e3 {[%clk 0:11:30]}
67. Ba6 {[%clk 0:27:34]} 67... Ne2+ {[%clk 0:11:05]} 0-1

[Event "DEM U14w 2018"]
[Site "Willingen GER"]
[Date "2018.05.20"]
[Round "1"]
[White "Pavlov, Liliane"]
[Black "Khamenya, Vitalia"]
[Result "1/2-1/2"]
[Termination "normal"]
[Board "4"]
[WhiteElo "1605"]
[BlackElo "1792"]
[WhiteClock "00:23:48"]
[BlackClock "00:07:25"]
[PlyCount "106"]
[WhiteFideId "16225449"]
[BlackFideId "12959260"]
[EventCountry "GER"]
[EventRounds "9"]
[EventType "swiss"]
[EventDate "2018.05.19"]

1. d4 {[%clk 1:30:53]} 1... g6 {[%clk 1:30:18]} 2. e4 {[%clk 1:30:02]} 2... Bg7
{[%clk 1:30:37]} 3. Nc3 {[%clk 1:29:32]} 3... d6 {[%clk 1:29:59]} 4. f4 { [%clk
1:26:46]} 4... Nd7 {[%clk 1:22:12]} 5. Nf3 {[%clk 1:21:40]} 5... a6 { [%clk
1:16:30]} 6. Bc4 {[%clk 1:20:46]} 6... e6 {[%clk 1:15:30]} 7. a3 { [%clk
1:20:15]} 7... Ne7 {[%clk 1:14:29]} 8. O-O {[%clk 1:18:25]} 8... O-O { [%clk
1:14:20]} 9. Be3 {[%clk 1:15:51]} 9... b5 {[%clk 1:10:54]} 10. Ba2 { [%clk
1:15:34]} 10... Bb7 {[%clk 1:09:45]} 11. Qe1 {[%clk 1:09:44]} 11... Qc8 { [%clk
0:53:20]} 12. Qh4 {[%clk 1:09:11]} 12... Nf6 {[%clk 0:44:44]} 13. g4 { [%clk
0:57:03]} 13... Bxe4 {[%clk 0:33:59]} 14. Nxe4 {[%clk 0:52:55]} 14... Nxe4
{[%clk 0:33:42]} 15. Rae1 {[%clk 0:51:04]} 15... Re8 {[%clk 0:32:24]} 16. c3
{[%clk 0:50:33]} 16... Nf6 {[%clk 0:23:58]} 17. Bd2 {[%clk 0:44:59]} 17... h5
{[%clk 0:17:07]} 18. h3 {[%clk 0:42:06]} 18... d5 {[%clk 0:13:50]} 19. Bb1 {
[%clk 0:41:46]} 19... hxg4 {[%clk 0:13:00]} 20. hxg4 {[%clk 0:41:35]} 20... Kf8
{[%clk 0:11:37]} 21. Ne5 {[%clk 0:39:48]} 21... Neg8 {[%clk 0:07:00]} 22. f5 {
[%clk 0:39:02]} 22... gxf5 {[%clk 0:06:12]} 23. gxf5 {[%clk 0:39:20]} 23... Ke7
{[%clk 0:05:29]} 24. fxe6 {[%clk 0:39:34]} 24... fxe6 {[%clk 0:05:29]} 25. Bg5
{[%clk 0:38:15]} 25... Kd6 {[%clk 0:04:49]} 26. Bd2 {[%clk 0:27:31]} 26... Nd7
{[%clk 0:03:55]} 27. c4 {[%clk 0:17:55]} 27... Bxe5 {[%clk 0:03:35]} 28. dxe5+
{[%clk 0:18:14]} 28... Kc6 {[%clk 0:03:52]} 29. cxd5+ {[%clk 0:18:11]} 29...
exd5 {[%clk 0:04:08]} 30. Bf5 {[%clk 0:11:39]} 30... Re7 {[%clk 0:03:46]} 31.
Rc1+ {[%clk 0:08:43]} 31... Kb7 {[%clk 0:04:02]} 32. Qd4 {[%clk 0:03:55]} 32...
Rg7+ {[%clk 0:03:36]} 33. Kf2 {[%clk 0:04:19]} 33... Ne7 {[%clk 0:02:31]} 34.
Bxd7 {[%clk 0:01:50]} 34... Qxd7 {[%clk 0:02:59]} 35. e6 {[%clk 0:02:03]} 35...
Nf5 {[%clk 0:03:11]} 36. exd7 {[%clk 0:01:32]} 36... Nxd4 {[%clk 0:03:34]} 37.
Bc3 {[%clk 0:01:15]} 37... c5 {[%clk 0:03:55]} 38. Bxd4 {[%clk 0:01:08]} 38...
cxd4 {[%clk 0:04:11]} 39. Rfd1 {[%clk 0:01:18]} 39... Rf8+ {[%clk 0:03:18]} 40.
Ke1 {[%clk 0:00:52]} 40... Re7+ {[%clk 0:03:11]} 41. Kd2 {[%clk 0:01:18]} 41...
Rxd7 {[%clk 0:02:00]} 42. Kc2 {[%clk 0:01:16]} 42... Rc7+ {[%clk 0:29:58]} 43.
Kb1 {[%clk 0:31:41]} 43... Rxc1+ {[%clk 0:29:53]} 44. Kxc1 {[%clk 0:32:04]}
44... Rf4 {[%clk 0:29:37]} 45. Kc2 {[%clk 0:32:07]} 45... Kb6 {[%clk 0:27:54]}
46. b4 {[%clk 0:32:06]} 46... Kc6 {[%clk 0:26:10]} 47. Rg1 {[%clk 0:28:47]}
47... Rf3 {[%clk 0:19:27]} 48. Rg6+ {[%clk 0:28:57]} 48... Kb7 {[%clk 0:19:29]}
49. Rd6 {[%clk 0:27:29]} 49... Rxa3 {[%clk 0:18:10]} 50. Rxd5 {[%clk 0:22:57]}
50... Rc3+ {[%clk 0:12:14]} 51. Kb2 {[%clk 0:23:09]} 51... Rc4 {[%clk 0:12:07]}
52. Kb3 {[%clk 0:23:32]} 52... Kc6 {[%clk 0:09:07]} 53. Rd8 {[%clk 0:23:48]}
53... Kc7 {[%clk 0:07:25]} 1/2-1/2